| 000 | 00500nam a22001577a 4500 | ||
|---|---|---|---|
| 003 | NUST | ||
| 082 | _a200 | ||
| 100 |
_aAfaq, Umer _996781 |
||
| 245 |
_aNonlinear Control of Unified Power Flow Controller (UPFC) in Power Systems / _cUmer Afaq |
||
| 264 |
_aIslamabad : _bSEECS, NUST, _c2022. |
||
| 300 | _a56 p. ; | ||
| 650 |
_aMS-Electrical Engineering _923567 |
||
| 700 |
_aSupervisor: Dr. Ammar Hasan _996758 |
||
| 856 | _uhttp://10.250.8.41:8080/xmlui/handle/123456789/28824 | ||
| 942 |
_2ddc _cSC |
||
| 999 |
_c590867 _d590867 |
||